[Event "IND-chT IIT 57th"]
[Site "Indore"]
[Date "2024.12.15"]
[Round "6.2"]
[White "Atri, Chattopadhyay"]
[Black "Manobhav, Sethi"]
[Result "1-0"]
[WhiteElo "1993"]
[BlackElo "1405"]
[PlyCount "52"]
[EventDate "2024.12.10"]
[EventType "team-swiss"]
[EventRounds "7"]
[EventCountry "IND"]
[SourceTitle "CB04_2025"]
[SourceDate "2025.01.22"]
[SourceVersion "1"]
[SourceVersionDate "2025.01.22"]
[SourceQuality "1"]
[WhiteTeam "Guwahati"]
[BlackTeam "Mandi"]
[WhiteTeamCountry "IND"]
[BlackTeamCountry "IND"]

1. f4 d5 2. Nf3 f5 3. e3 Nf6 4. b3 e6 5. Bb2 Be7 6. c4 c6 7. Be2 Nbd7 8. 0-0 0-0 9. Nc3 Qe8 10. Qc2 Ne4 11. d3 Nxc3 12. Bxc3 Bf6 13. Bxf6 Rxf6 14. d4 Rh6 15. Ne5 Nxe5 16. dxe5 Qe7 17. g3 g5 18. cxd5 cxd5 19. Rac1 gxf4 20. exf4 Rg6 21. Bh5 Rg7 22. Qxc8+ Rxc8 23. Rxc8+ Qf8 24. Rxf8+ Kxf8 25. Rc1 Rd7 26. Rc8+ Ke7 1-0

[Event "Udaipur Lakecity op 3rd"]
[Site "Udaipur"]
[Date "2019.03.31"]
[Round "8"]
[White "Atri, Chattopadhyay"]
[Black "Dahale, Atul"]
[Result "1/2-1/2"]
[WhiteElo "1743"]
[BlackElo "2102"]
[PlyCount "38"]
[EventDate "2019.03.28"]
[EventType "swiss"]
[EventRounds "8"]
[EventCountry "IND"]
[SourceTitle "CBM 189 Extra"]
[Source "ChessBase"]
[SourceDate "2019.05.31"]
[SourceVersion "1"]
[SourceVersionDate "2019.05.31"]
[SourceQuality "1"]

1. e4 c5 2. c3 Qa5 3. Nf3 d6 4. Na3 Nf6 5. Nc4 Qc7 6. e5 dxe5 7. Ncxe5 Nbd7 8. d4 e6 9. Bf4 Bd6 10. Nxd7 Bxd7 11. Bxd6 Qxd6 12. dxc5 Qxc5 13. Qd4 Qxd4 14. Nxd4 a6 15. Be2 0-0 16. Nf3 Nd5 17. Ne5 Rfd8 18. 0-0-0 Ba4 19. Rd4 Be8 1/2-1/2

[Event "IND-ch U15"]
[Site "Kolkata"]
[Date "2018.07.20"]
[Round "5"]
[White "Atri, Chattopadhyay"]
[Black "Srihari, Lakshmi"]
[Result "0-1"]
[WhiteElo "1681"]
[BlackElo "1927"]
[PlyCount "96"]
[EventDate "2018.07.17"]
[EventType "swiss"]
[EventRounds "11"]
[EventCountry "IND"]
[SourceTitle "CBM 186 Extra"]
[Source "ChessBase"]
[SourceDate "2018.08.24"]
[SourceVersion "1"]
[SourceVersionDate "2018.08.24"]
[SourceQuality "1"]

1. e4 c5 2. c3 d5 3. exd5 Qxd5 4. d4 Nc6 5. Nf3 e6 6. a3 cxd4 7. cxd4 Nf6 8. Nc3 Qd6 9. Bc4 a6 10. 0-0 Ne7 11. a4 g6 12. Bg5 Bg7 13. Qd2 Ned5 14. Bh4 Nxc3 15. bxc3 0-0 16. Bg3 Qe7 17. Rfe1 Rd8 18. Rab1 Nd5 19. Bxd5 Rxd5 20. c4 Rd8 21. Bh4 Bf6 22. Bxf6 Qxf6 23. Ne5 a5 24. Rb3 Qh4 25. Nf3 Qf6 26. Re5 Bd7 27. Ng5 Bxa4 28. Rbe3 Qf4 29. Qa2 Bc6 30. d5 exd5 31. cxd5 Bxd5 32. Qa1 Bb3 33. g3 Qxe3 34. Rxe3 Rd1+ 35. Qxd1 Bxd1 36. Rd3 Ba4 37. Nf3 b5 38. Ra3 Bc2 39. Nd4 b4 40. Ra1 Be4 41. f3 Bd5 42. Kf2 b3 43. Nb5 b2 44. Rb1 Rb8 45. Nc3 Be6 46. g4 Rb3 47. Na4 Rb4 48. Nc5 Ba2 0-1